Hell on horses and women / (Record no. 535)

MARC details
000 -LEADER
fixed length control field 01035cam a2200325 a 4500
005 - DATE AND TIME OF LATEST TRANSACTION
control field 20260322212024.0
008 - FIXED-LENGTH DATA ELEMENTS--GENERAL INFORMATION
fixed length control field data
010 ## - LIBRARY OF CONGRESS CONTROL NUMBER
LC control number 93223377
020 ## - INTERNATIONAL STANDARD BOOK NUMBER
International Standard Book Number 0806124822 (pbk.)
020 ## - INTERNATIONAL STANDARD BOOK NUMBER
International Standard Book Number 9780806124827 (pbk.)
040 ## - CATALOGING SOURCE
Original cataloging agency AzFU
Transcribing agency AzFU
Modifying agency DLC
-- DLC
042 ## - AUTHENTICATION CODE
Authentication code lccopycat
043 ## - GEOGRAPHIC AREA CODE
Geographic area code n-usp--
050 00 - LIBRARY OF CONGRESS CALL NUMBER
Classification number F596
Item number .M3 1993
082 00 - DEWEY DECIMAL CLASSIFICATION NUMBER
Classification number 978
Edition information 20
092 ## - LOCALLY ASSIGNED DEWEY CALL NUMBER (OCLC)
Classification number 978 M3 1993
001 - CONTROL NUMBER
control field data
100 1# - MAIN ENTRY--PERSONAL NAME
Personal name Marriott, Alice,
Dates associated with a name 1910-1992.
245 10 - TITLE STATEMENT
Title Hell on horses and women /
Statement of responsibility, etc. Alice Marriott.
260 ## - PUBLICATION, DISTRIBUTION, ETC.
Place of publication, distribution, etc. Norman :
Name of publisher, distributor, etc. University of Oklahoma Press,
Date of publication, distribution, etc. 1993.
300 ## - PHYSICAL DESCRIPTION
Extent xii, 290 p. :
Other physical details ill. ;
Dimensions 23 cm.
500 ## - GENERAL NOTE
General note Cover title: Hell on horses & women.
500 ## - GENERAL NOTE
General note 1993 reprint of the 1953 ed. with new foreword including bibliographical essay.
504 ## - BIBLIOGRAPHY, ETC. NOTE
Bibliography, etc. note Includes bibliographical references (p. 281-283).
650 #0 - SUBJECT ADDED ENTRY--TOPICAL TERM
Topical term or geographic name entry element Ranch life
Geographic subdivision West (U.S.)
650 #0 - SUBJECT ADDED ENTRY--TOPICAL TERM
Topical term or geographic name entry element Ranchers' spouses
Geographic subdivision West (U.S.)
650 #0 - SUBJECT ADDED ENTRY--TOPICAL TERM
Topical term or geographic name entry element Rural women
Geographic subdivision West (U.S.)
651 #0 - SUBJECT ADDED ENTRY--GEOGRAPHIC NAME
Geographic name West (U.S.)
General subdivision Social life and customs.
740 0# - ADDED ENTRY--UNCONTROLLED RELATED/ANALYTICAL TITLE
Uncontrolled related/analytical title Hell on horses & women.
Holdings
Withdrawn status Lost status Damaged status Not for loan Home library Current library Shelving location Date acquired Total checkouts Full call number Barcode Date last seen Price effective from Koha item type
        Pleasant Valley Pleasant Valley General stacks 22/03/2026   978 20 BC0010548 22/03/2026 22/03/2026 Books